Fußball: Nenne den Vereinsnamen zur Stadt (ehemals erfolgreiche Teams) - Statistiken

Allgemein
  • Dieses Quiz wurde 212 mal gespielt
    162 seit der letzten Aktualisierung
  • Das Durchschnittsergebnis liegt bei 13 aus 28
Antwortstatistiken
Stadt Ewige Tabelle
(2. Bundesliga)
Verein % Korrekt
Aachen 4. Alemannia Aachen
98%
Cottbus 39. Energie Cottbus
92%
Jena 55. Carl Zeiss Jena
87%
Wattenscheid 16. SG Wattenscheid 09
76%
Trier 50. Eintracht Trier
74%
Lübeck 79. VfB Lübeck
73%
Burghausen 68. Wacker Burghausen
73%
Kassel 42. KSV Hessen Kassel
70%
Worms 61. Wormatia Worms
69%
Koblenz 85. TuS Koblenz
65%
Neunkirchen 97. Borussia Neunkirchen
54%
Siegen 118. Sportfreunde Siegen
45%
Reutlingen 86. SSV Reutlingen
45%
Herne 67. Westfalia Herne
41%
Bonn 110. Bonner SC
39%
Pirmasens 87. FK Pirmasens
39%
Aschaffenburg 93. Viktoria Aschaffenburg
39%
Hof 66. FC Bayern Hof
36%
Solingen 27. Union Solingen
32%
Baunatal 91. KSV Baunatal
25%
Erkenschwick 96. SpVgg Erkenschwick
23%
Lüdenscheid 82. Rot-Weiß Lüdenscheid
18%
Völklingen 73. Röchling Völklingen
16%
Heilbronn 112. VfR Heilbronn
14%
Wanne-Eickel 98. DSC Wanne-Eickel
13%
Bad Kreuznach 119. Eintracht Bad Kreuznach
11%
Bremerhaven 105. OSC Bremerhaven
11%
Wilhelmshaven 114. Olympia Wilhelmshaven
5%
Keine übereinstimmenden Quizze gefunden
Verteilung der Resultate
Anzahl Personen mit jedem Resultat
Perzentil nach korrekt beantworteten Fragen
Ihre Resultats-Entwicklung
Sie haben dieses Quiz seit der letzten Aktualisierung nicht gespielt